<?xml version="1.0" encoding="UTF-8"?>
<record
    xmlns:xsi="http://www.w3.org/2001/XMLSchema-instance"
    xsi:schemaLocation="http://www.loc.gov/MARC21/slim http://www.loc.gov/standards/marcxml/schema/MARC21slim.xsd"
    xmlns="http://www.loc.gov/MARC21/slim">

  <leader>01482nam a2200325 i 4500</leader>
  <controlfield tag="003">CO-BoRNBP</controlfield>
  <controlfield tag="005">20250127100425.0</controlfield>
  <controlfield tag="007">ta</controlfield>
  <controlfield tag="008">250127s2023    Uy a|||| |||| 00| 0 spa d</controlfield>
  <datafield tag="020" ind1=" " ind2=" ">
    <subfield code="a">9789915677927</subfield>
  </datafield>
  <datafield tag="040" ind1=" " ind2=" ">
    <subfield code="a">CO-BoRNBP</subfield>
    <subfield code="b">spa</subfield>
    <subfield code="c">CO-BoRNBP</subfield>
    <subfield code="e">rda</subfield>
  </datafield>
  <datafield tag="041" ind1=" " ind2=" ">
    <subfield code="a">spa</subfield>
  </datafield>
  <datafield tag="082" ind1=" " ind2=" ">
    <subfield code="a">R 796.334 B41f</subfield>
  </datafield>
  <datafield tag="100" ind1="1" ind2=" ">
    <subfield code="a">autor</subfield>
    <subfield code="e">Di Blasi, Mariano</subfield>
    <subfield code="9">57752</subfield>
  </datafield>
  <datafield tag="245" ind1=" " ind2=" ">
    <subfield code="a">Todo sobre f&#xFA;tbol:</subfield>
    <subfield code="b">Historia, t&#xE9;cnicas y t&#xE1;cticas/</subfield>
    <subfield code="c">Mariano Di Blasi; ilustraciones, Fernando Granea; creaci&#xF3;n y realizaci&#xF3;n, Cypres S.A.</subfield>
  </datafield>
  <datafield tag="250" ind1=" " ind2=" ">
    <subfield code="a">Primera edici&#xF3;n</subfield>
  </datafield>
  <datafield tag="264" ind1=" " ind2="4">
    <subfield code="a">Montevideo, Uruguay,</subfield>
    <subfield code="b">&#xA9;Latinbooks</subfield>
    <subfield code="c">2023</subfield>
  </datafield>
  <datafield tag="300" ind1=" " ind2=" ">
    <subfield code="a">64 p&#xE1;ginas, </subfield>
    <subfield code="b">ilustraciones a color, tapa dura, </subfield>
    <subfield code="c">alto 31 cm ancho 23 cm</subfield>
  </datafield>
  <datafield tag="336" ind1=" " ind2=" ">
    <subfield code="2">rdacontent</subfield>
    <subfield code="a">texto</subfield>
    <subfield code="b">txt</subfield>
  </datafield>
  <datafield tag="337" ind1=" " ind2=" ">
    <subfield code="2">rdamedia</subfield>
    <subfield code="a">sin mediaci&#xF3;n</subfield>
    <subfield code="b">n</subfield>
  </datafield>
  <datafield tag="338" ind1=" " ind2=" ">
    <subfield code="2">rdacarrier</subfield>
    <subfield code="a">volumen</subfield>
    <subfield code="b">nc</subfield>
  </datafield>
  <datafield tag="490" ind1=" " ind2=" ">
    <subfield code="a">Futbolpedia</subfield>
  </datafield>
  <datafield tag="520" ind1=" " ind2=" ">
    <subfield code="a"> En esta enciclopedia te mostraremos en detalle todo lo que necesitas saber para convertirte en un experto del futbol: la evoluci&#xF3;n del juego, desde sus inicios hasta nuestros d&#xED;as, las reglas que lo organizan, las t&#xE9;cnicas para cada posici&#xF3;n, las t&#xE1;cticas para dominar a cada rival y los momentos m&#xE1;s &#xE9;picos que le dieron forma a la historia del futbol.</subfield>
  </datafield>
  <datafield tag="650" ind1=" " ind2=" ">
    <subfield code="2">LEMB</subfield>
    <subfield code="a">Enciclopedia deportiva</subfield>
    <subfield code="9">57753</subfield>
  </datafield>
  <datafield tag="650" ind1=" " ind2=" ">
    <subfield code="2">LEMB</subfield>
    <subfield code="a">F&#xFA;tbol</subfield>
    <subfield code="9">57754</subfield>
  </datafield>
  <datafield tag="650" ind1=" " ind2=" ">
    <subfield code="2">LEMB</subfield>
    <subfield code="a">Historia del f&#xFA;tbol</subfield>
    <subfield code="9">57755</subfield>
  </datafield>
  <datafield tag="650" ind1=" " ind2=" ">
    <subfield code="2">LEMB</subfield>
    <subfield code="a">T&#xE9;cnica del f&#xFA;tbol</subfield>
    <subfield code="9">57756</subfield>
  </datafield>
  <datafield tag="650" ind1=" " ind2=" ">
    <subfield code="2">LEMB</subfield>
    <subfield code="a">T&#xE1;ctica del f&#xFA;tbol</subfield>
    <subfield code="9">57757</subfield>
  </datafield>
  <datafield tag="942" ind1=" " ind2=" ">
    <subfield code="2">ddc</subfield>
    <subfield code="c">REF</subfield>
  </datafield>
  <datafield tag="999" ind1=" " ind2=" ">
    <subfield code="c">56837</subfield>
    <subfield code="d">56837</subfield>
  </datafield>
  <datafield tag="952" ind1=" " ind2=" ">
    <subfield code="0">0</subfield>
    <subfield code="1">0</subfield>
    <subfield code="2">ddc</subfield>
    <subfield code="4">0</subfield>
    <subfield code="7">0</subfield>
    <subfield code="8">INF</subfield>
    <subfield code="a">MEGUAMAL</subfield>
    <subfield code="b">MEGUAMAL</subfield>
    <subfield code="c">SInf</subfield>
    <subfield code="d">2025-01-27</subfield>
    <subfield code="l">0</subfield>
    <subfield code="o">R 796.334 B41f</subfield>
    <subfield code="p">GUA004683</subfield>
    <subfield code="r">2025-01-27 10:01:40</subfield>
    <subfield code="t">Ej.1</subfield>
    <subfield code="w">2025-01-27</subfield>
    <subfield code="y">REF</subfield>
  </datafield>
</record>
